Estadísticas para Capitales Más Septentrionales

Haz click aquí para intentar la prueba.

Estadísticas generales

  • Esta prueba ha sido intentada 2.092 veces
  • La puntuación promedio es 18 de 21

Estadísticas de respuestas

LatitudCapital% Correcto
59.95Oslo
98%
55.76Moscú
97%
60.17Helsinki
95%
59.33Estocolmo
94%
64.13Reikiavik
93%
52.50Berlín
92%
51.51Londres
92%
55.68Copenhague
88%
52.23Varsovia
88%
52.37Ámsterdam
87%
59.44Tallin
87%
50.85Bruselas
86%
53.35Dublin
86%
48.86París
86%
56.95Riga
86%
53.90Minsk
83%
54.68Vilna
80%
50.45Kiev
78%
50.08Praga
78%
49.61Luxemburgo
73%
51.17Nur-Sultán
55%

Distribución de puntuación

Porcentaje por número respondido

Porcentaje de gente con cada puntuación

Historial de tus puntuaciones

No has intentado esta prueba.